[Event "4NCL Division Two"]
[Site "Milton Keynes, ENG"]
[Date "2023.04.29"]
[Round "9.62"]
[White "Bremner, Adam"]
[Black "Stubbs, Oliver"]
[Result "1-0"]
[WhiteElo "2161"]
[BlackElo "2195"]
[PlyCount "99"]
[EventDate "2023.04.29"]
[WhiteTeam "The Sharks 2"]
[BlackTeam "North East England"]

1. d4 Nf6 2. c4 g6 3. Nc3 Bg7 4. e4 d6 5. Nf3 O-O 6. Be2 e5 7. O-O Na6 8. Be3
Qe7 9. d5 Ng4 10. Bg5 f6 11. Bh4 Nh6 12. Nd2 Nf7 13. Rb1 Nc5 14. b4 Nd7 15. Nb3
b6 16. f3 Bh6 17. Bf2 f5 18. Qc2 a5 19. bxa5 bxa5 20. a4 Nc5 21. Nxc5 dxc5 22.
Rb5 Nd6 23. Bxc5 Qg5 24. Rb2 Bd7 25. Bd3 Rab8 26. Rxb8 Rxb8 27. Bf2 fxe4 28.
fxe4 Rf8 29. Nd1 Bg4 30. c5 Ne8 31. Be2 Nf6 32. Be3 Qh5 33. Bxh6 Bxe2 34. Bxf8
Bxf1 35. Be7 Bxg2 36. Bxf6 Bf3 37. Ne3 Kf7 38. d6 Kxf6 39. d7 Ke7 40. c6 Qg5+
41. Kf2 Bh5 42. Qc5+ Kf7 43. Qd5+ Kg7 44. Ng2 Qf6+ 45. Kg1 Be2 46. h4 Qf1+ 47.
Kh2 Bf3 48. Qxe5+ Kh6 49. Qg5+ Kg7 50. d8=Q 1-0

[Event "4NCL Division Two"]
[Site "Milton Keynes, ENG"]
[Date "2023.04.29"]
[Round "9.63"]
[White "Henderson, David"]
[Black "Birtwistle, Nigel"]
[Result "1/2-1/2"]
[WhiteElo "2143"]
[BlackElo "2196"]
[PlyCount "97"]
[EventDate "2023.04.29"]
[WhiteTeam "North East England"]
[BlackTeam "The Sharks 2"]

1. e4 c5 2. c3 g6 3. d4 cxd4 4. cxd4 d5 5. e5 Nc6 6. Bb5 Bg7 7. Nf3 Bg4 8.
Bxc6+ bxc6 9. Nbd2 e6 10. O-O Ne7 11. h3 Bxf3 12. Nxf3 Qb6 13. b3 c5 14. Ba3
cxd4 15. Rc1 Nc6 16. Bc5 Qa6 17. Re1 d3 18. Rc3 Rc8 19. Bd6 Bf8 20. Bxf8 Kxf8
21. Qd2 h6 22. Rxd3 Kg7 23. Rd1 Qa5 24. Qf4 Qd8 25. Rc3 g5 26. Qa4 Qb6 27. Rdc1
Ne7 28. Qd7 Rxc3 29. Rxc3 Ng6 30. Rc7 Rf8 31. Rxa7 Kg8 32. g3 Qb4 33. Qc7 Qe4
34. Qc3 d4 35. Nxd4 Nxe5 36. Ra4 Rd8 37. Qe3 Qb1+ 38. Kg2 Rd5 39. Ne2 Qb2 40.
Nc3 Rd7 41. Rd4 Rxd4 42. Qxd4 f6 43. Qd8+ Kg7 44. Qc7+ Kg6 45. Qc5 Nd3 46. Qd4
Nxf2 47. Qxf2 Qxc3 48. Qe2 e5 49. Qe4+ 1/2-1/2

[Event "4NCL Division Two"]
[Site "Milton Keynes, ENG"]
[Date "2023.04.29"]
[Round "9.64"]
[White "Onslow, Alfie"]
[Black "Dargan, Paul A G"]
[Result "1-0"]
[WhiteElo "2182"]
[BlackElo "2164"]
[PlyCount "101"]
[EventDate "2023.04.29"]
[WhiteTeam "The Sharks 2"]
[BlackTeam "North East England"]

1. e4 c5 2. Nf3 g6 3. d4 cxd4 4. Nxd4 Bg7 5. c4 d6 6. Nc3 Nc6 7. Be3 Nf6 8. Be2
O-O 9. f3 Nxd4 10. Bxd4 Be6 11. Qd2 Qa5 12. a3 Rfc8 13. b4 Qd8 14. Nd5 Nxd5 15.
exd5 Bxd4 16. Qxd4 Bd7 17. Kf2 b6 18. h4 Qf8 19. h5 Qg7 20. Qe3 e5 21. hxg6
hxg6 22. Rh6 Qf6 23. Rah1 Kf8 24. c5 bxc5 25. Ba6 Ke7 26. Bxc8 Rxc8 27. Rc1 Qf4
28. Qxf4 exf4 29. Rh4 cxb4 30. Rxc8 Bxc8 31. axb4 Bb7 32. Rxf4 Bxd5 33. b5 Kd7
34. Rd4 Bb3 35. Rb4 Bd5 36. Ra4 Kc7 37. Rxa7+ Kb6 38. Rd7 Kxb5 39. Rxd6 Kc5 40.
Rd8 Kd4 41. f4 Ke4 42. g4 g5 43. fxg5 Ke5 44. Kg3 Be4 45. Re8+ Kd5 46. Kf4 Bg6
47. Ra8 Ke6 48. Ra6+ Kd5 49. Rf6 Kd4 50. Rd6+ Kc5 51. Ke5 1-0

[Event "4NCL Division Two"]
[Site "Milton Keynes, ENG"]
[Date "2023.04.29"]
[Round "9.65"]
[White "Coathup, Roger H"]
[Black "Murphy, Hugh W"]
[Result "1/2-1/2"]
[WhiteElo "2137"]
[BlackElo "2138"]
[PlyCount "99"]
[EventDate "2023.04.29"]
[WhiteTeam "North East England"]
[BlackTeam "The Sharks 2"]

1. Nf3 Nf6 2. c4 e6 3. e3 d5 4. b3 c5 5. Bb2 Nc6 6. cxd5 exd5 7. d4 cxd4 8.
Nxd4 Bb4+ 9. Bc3 Bxc3+ 10. Nxc3 Qa5 11. Qd2 Nxd4 12. Qxd4 O-O 13. Be2 Be6 14.
O-O Rfc8 15. b4 Qb6 16. Nb5 Ne4 17. Rfc1 Qxd4 18. Nxd4 Kf8 {(=)} 19. Kf1 Ke7
20. Ke1 h6 21. Bd3 Bd7 22. f3 Nd6 23. Rc5 Be6 24. Rac1 Kd7 25. Kd2 b6 26. Rxc8
Rxc8 27. Rxc8 Kxc8 28. Kc3 Bd7 29. b5 Kc7 30. g3 Nb7 31. Bc2 Kd6 32. a4 Nc5 33.
Kb4 Nb7 34. h4 Na5 35. Bb3 Nb7 36. Bc2 Na5 37. Bd3 Nb7 38. Bb1 Na5 39. f4 Nb7
40. Bc2 Na5 41. Bd3 Nb7 42. Kc3 Nc5 43. Bc2 Kc7 44. Ne2 Kd6 45. Nd4 Kc7 46. Nf3
Kd6 47. Nd2 f6 48. Kd4 Ne6+ 49. Kc3 Nc5 50. Kd4 1/2-1/2

[Event "4NCL Division Two"]
[Site "Milton Keynes, ENG"]
[Date "2023.04.29"]
[Round "9.66"]
[White "Milson, Samuel A"]
[Black "Dunn, Andrew"]
[Result "0-1"]
[WhiteElo "2184"]
[BlackElo "2141"]
[PlyCount "72"]
[EventDate "2023.04.29"]
[WhiteTeam "The Sharks 2"]
[BlackTeam "North East England"]

1. e4 c6 2. Nc3 d5 3. Nf3 dxe4 4. Nxe4 Nf6 5. Qe2 Nxe4 6. Qxe4 Qa5 7. Bc4 Bf5
8. Qf4 e6 9. O-O Nd7 10. Re1 Be7 11. Nd4 g5 12. Qe3 Bc5 13. c3 Bxd4 14. Qxd4
O-O-O 15. Qe3 Qc5 16. Qxc5 Nxc5 17. d4 Nd3 18. Bxd3 Bxd3 19. Bxg5 Rd5 20. Re5
Rg8 21. h4 Rg6 22. Rd1 Bc2 23. Rd2 Bb1 24. c4 Rd7 25. h5 Rg8 26. b3 Bf5 27. f3
Rxg5 28. g4 f6 29. Re1 e5 30. Rg2 Bxg4 31. fxg4 Rxd4 32. Rf1 Rdxg4 33. Rxg4
Rxg4+ 34. Kh2 Rf4 35. Rg1 Rh4+ 36. Kg3 Rxh5 0-1

[Event "4NCL Division Two"]
[Site "Milton Keynes, ENG"]
[Date "2023.04.29"]
[Round "9.67"]
[White "Gazis, Georgios"]
[Black "Kueh, Audrey"]
[Result "1-0"]
[WhiteElo "1943"]
[BlackElo "2143"]
[PlyCount "61"]
[EventDate "2023.04.29"]
[WhiteTeam "North East England"]
[BlackTeam "The Sharks 2"]

1. e4 c6 2. Nc3 d5 3. Nf3 Bg4 4. h3 Bxf3 5. Qxf3 e6 6. d4 Bb4 7. exd5 cxd5 8.
Bd3 Nc6 9. O-O Qf6 10. Qg3 h6 11. Nb5 Rc8 12. c3 Be7 13. Nc7+ Kd7 14. Nb5 a6
15. Na3 Bd6 16. Qg4 Nge7 17. b4 Na7 18. Bd2 h5 19. Qe2 g5 20. f4 g4 21. f5 exf5
22. Bxf5+ Nxf5 23. hxg4 Qh4 24. Rxf5 Qh2+ 25. Kf1 Qh1+ 26. Kf2 Qxa1 27. Rxf7+
Kc6 28. b5+ Nxb5 29. Nxb5 axb5 30. Qe6 Rhf8 31. Qd7+ 1-0

[Event "4NCL Division Two"]
[Site "Milton Keynes, ENG"]
[Date "2023.04.29"]
[Round "9.68"]
[White "Kafka, Graeme"]
[Black "Salazar Eyre, Emma"]
[Result "1-0"]
[WhiteElo "2052"]
[BlackElo "1736"]
[PlyCount "95"]
[EventDate "2023.04.29"]
[WhiteTeam "The Sharks 2"]
[BlackTeam "North East England"]

1. e4 e5 2. Nf3 Nc6 3. Bb5 a6 4. Bxc6 dxc6 5. O-O f6 6. d4 Bg4 7. dxe5 Qxd1 8.
Rxd1 fxe5 9. Rd3 Bd6 10. Nbd2 Nf6 11. Nc4 O-O 12. Nfxe5 Be2 13. Re3 Bxc4 14.
Nxc4 Bc5 15. Re2 Rae8 16. Be3 Bxe3 17. Rxe3 Rxe4 18. Rxe4 Nxe4 19. f3 Nd6 20.
Nd2 Re8 21. Kf2 Kf7 22. Re1 Rxe1 23. Kxe1 Ke6 24. Ke2 c5 25. Ke3 b6 26. g4 h6
27. f4 g6 28. b3 Ne8 29. Ne4 c6 30. c4 a5 31. h3 Ng7 32. Ng3 Kf6 33. Ne4+ Ke6
34. Nd2 Ne8 35. Nf3 Kd6 36. Ne5 g5 37. Nf7+ Ke6 38. Nxh6 gxf4+ 39. Kxf4 Kf6 40.
Nf5 b5 41. g5+ Kf7 42. Ke5 Kg6 43. h4 Kh5 44. Nd6 Nc7 45. Kf6 bxc4 46. bxc4 Na8
47. g6 Nb6 48. g7 1-0

[Event "4NCL Division Three East"]
[Site "Daventry, ENG"]
[Date "2022.11.05"]
[Round "1.11"]
[White "Cooksey, Paul S"]
[Black "Emerson, Roger"]
[Result "1/2-1/2"]
[WhiteElo "2292"]
[BlackElo "2176"]
[PlyCount "42"]
[EventDate "2022.11.05"]
[WhiteTeam "Crowthorne A"]
[BlackTeam "Guildford Castles"]

1. d4 Nf6 2. c4 g6 3. Nc3 Bg7 4. e4 d6 5. Nf3 O-O 6. Be2 e5 7. Be3 exd4 8. Nxd4
Re8 9. f3 c6 10. Bf2 d5 11. exd5 cxd5 12. O-O Nc6 13. c5 Nxd4 14. Bxd4 Bf5 15.
Qd2 Rc8 16. b4 b6 17. c6 Rxc6 18. Bb5 Rc4 19. Bxc4 dxc4 20. Rfd1 Bd3 21. Bf2
Nd5 1/2-1/2

[Event "4NCL Division Three East"]
[Site "Daventry, ENG"]
[Date "2022.11.05"]
[Round "1.12"]
[White "Punnett, Alan K"]
[Black "Webb, Richard M"]
[Result "1/2-1/2"]
[WhiteElo "2130"]
[BlackElo "2201"]
[PlyCount "42"]
[EventDate "2022.11.05"]
[WhiteTeam "Guildford Castles"]
[BlackTeam "Crowthorne A"]

1. e4 c5 2. Nf3 d6 3. Bb5+ Bd7 4. Bxd7+ Qxd7 5. O-O Nc6 6. c3 Nf6 7. d4 Nxe4 8.
d5 Ne5 9. Nxe5 dxe5 10. Re1 Nd6 11. Qh5 O-O-O 12. Qxe5 Nc4 13. Qe2 Qxd5 14. b3
Nd6 15. Na3 e6 16. Be3 Be7 17. b4 Nf5 18. Bf4 Qd3 19. Nb5 Qxe2 20. Nxa7+ Kd7
21. Rxe2 g5 1/2-1/2

[Event "4NCL Division Three East"]
[Site "Daventry, ENG"]
[Date "2022.11.05"]
[Round "1.13"]
[White "Thompson, Ian D"]
[Black "White, Nigel"]
[Result "1/2-1/2"]
[WhiteElo "2106"]
[BlackElo "2102"]
[PlyCount "49"]
[EventDate "2022.11.05"]
[WhiteTeam "Crowthorne A"]
[BlackTeam "Guildford Castles"]

1. c4 e5 2. g3 Nf6 3. Bg2 d5 4. cxd5 Nxd5 5. Nf3 Nc6 6. O-O Nb6 7. d3 Be7 8.
Nbd2 O-O 9. b3 Be6 10. Bb2 f6 11. a3 a5 12. Rc1 Qd7 13. Nc4 Nxc4 14. bxc4 Bc5
15. Qc2 Bh3 16. e3 Bxg2 17. Kxg2 Rfe8 18. Rfd1 Bf8 19. c5 Kh8 20. Qc4 Rad8 21.
Rd2 Qd5 22. Qb5 Rb8 23. e4 Qe6 24. Qc4 Rbd8 25. Qxe6 1/2-1/2

[Event "4NCL Division Three East"]
[Site "Daventry, ENG"]
[Date "2022.11.05"]
[Round "1.14"]
[White "Galer, Sebastian E"]
[Black "Coates, Kenneth G"]
[Result "0-1"]
[WhiteElo "2064"]
[BlackElo "2030"]
[PlyCount "66"]
[EventDate "2022.11.05"]
[WhiteTeam "Guildford Castles"]
[BlackTeam "Crowthorne A"]

1. e4 e5 2. Nf3 Nc6 3. Bb5 f5 4. d4 fxe4 5. Nxe5 Nxe5 6. dxe5 c6 7. Bc4 Qa5+ 8.
Bd2 Qxe5 9. Bc3 Qg5 10. g3 Nf6 11. h4 Qg4 12. Be2 Qe6 13. Nd2 d5 14. Nb3 Bd6
15. Qd2 O-O 16. O-O-O Bd7 17. Kb1 Rae8 18. Bd4 b6 19. g4 Be5 20. g5 Ng4 21.
Bxg4 Qxg4 22. Be3 Be6 23. Rdg1 Qf3 24. Qe1 c5 25. g6 h6 26. Qd2 Bf4 27. Bxf4
Qxf4 28. Qxf4 Rxf4 29. Rh2 Ref8 30. Rgg2 d4 31. Nc1 Bc4 32. c3 Bf1 33. Rg1 Rxf2
0-1

[Event "4NCL Division Three East"]
[Site "Daventry, ENG"]
[Date "2022.11.05"]
[Round "1.15"]
[White "Purdon, Colin"]
[Black "Shepley, Julien M"]
[Result "1-0"]
[WhiteElo "1994"]
[BlackElo "1979"]
[PlyCount "139"]
[EventDate "2022.11.05"]
[WhiteTeam "Crowthorne A"]
[BlackTeam "Guildford Castles"]

1. d4 d5 2. c4 e6 3. Nc3 c5 4. cxd5 cxd4 5. Qa4+ Bd7 6. Qxd4 exd5 7. Qe5+ Ne7
8. e4 Nbc6 9. Nb5 Qa5+ 10. Qc3 Qxc3+ 11. bxc3 Kd8 12. Nd6 Be6 13. Nxb7+ Kc7 14.
Nc5 Ng6 15. Nxe6+ fxe6 16. Nf3 Bc5 17. Be3 Bxe3 18. fxe3 h6 19. O-O-O Rad8 20.
Bb5 Nge5 21. Bxc6 Nxc6 22. Nd4 Rhe8 23. Rhf1 Re7 24. Nxc6 Kxc6 25. c4 Rdd7 26.
cxd5+ exd5 27. exd5+ Rxd5 28. Rxd5 Kxd5 29. Kd2 Ke5 30. Rb1 Rd7+ 31. Ke2 Rc7
32. Rb5+ Ke4 33. Rb4+ Ke5 34. Ra4 Rb7 35. e4 Rc7 36. Kd3 Rd7+ 37. Ke3 Rc7 38.
Ra5+ Ke6 39. Ra6+ Ke5 40. Ra5+ Ke6 41. h4 Rb7 42. Ra6+ Ke5 43. Ra5+ Ke6 44. h5
Rc7 45. g4 Rb7 46. a3 Re7 47. Kd4 Rd7+ 48. Rd5 Rb7 49. e5 Rb1 50. Rd6+ Ke7 51.
Ra6 Rd1+ 52. Ke4 Rd7 53. Kf5 Rc7 54. Kg6 Ke8 55. Re6+ Kf8 56. Rd6 Rc5 57. Rd8+
Ke7 58. Rg8 Rxe5 59. Rxg7+ Ke6 60. Kxh6 Ra5 61. Kh7 Rxa3 62. h6 a5 63. g5 Kf5
64. Ra7 Kxg5 65. Kg7 Kf5 66. h7 Rg3+ 67. Kf7 Rh3 68. Kg8 Rg3+ 69. Rg7 Rb3 70.
h8=Q 1-0

[Event "4NCL Division Three East"]
[Site "Daventry, ENG"]
[Date "2022.11.05"]
[Round "1.16"]
[White "Stimpson, Philip M"]
[Black "Tart, Peter K"]
[Result "1/2-1/2"]
[WhiteElo "1941"]
[BlackElo "1849"]
[PlyCount "40"]
[EventDate "2022.11.05"]
[WhiteTeam "Guildford Castles"]
[BlackTeam "Crowthorne A"]

1. e4 e5 2. Nf3 Nf6 3. Nxe5 Nxe4 4. Qe2 Qe7 5. Qxe4 d6 6. d4 dxe5 7. Qxe5 Qxe5+
8. dxe5 Nc6 9. Bb5 Bd7 10. Bxc6 Bxc6 11. O-O O-O-O 12. Be3 Be4 13. c3 Re8 14.
Bf4 g5 15. Bg3 h5 16. f3 Bc5+ 17. Bf2 Bxf2+ 18. Kxf2 Bxb1 19. Raxb1 Rxe5 20.
Rfe1 Rhe8 1/2-1/2

[Event "4NCL Division Three East"]
[Site "Daventry, ENG"]
[Date "2022.11.05"]
[Round "1.21"]
[White "Starley, Robert"]
[Black "Swanson, Stephen"]
[Result "0-1"]
[WhiteElo "2020"]
[BlackElo "2206"]
[PlyCount "114"]
[EventDate "2022.11.05"]
[WhiteTeam "Cambridge University 2"]
[BlackTeam "Poisoned Pawns"]

1. e4 d6 2. d4 Nf6 3. Nc3 e5 4. Nf3 Nbd7 5. Bc4 Be7 6. O-O O-O 7. a4 c6 8. Re1
b6 9. h3 a6 10. Qe2 Bb7 11. dxe5 dxe5 12. Bg5 b5 13. axb5 axb5 14. Rxa8 Qxa8
15. Bd3 Re8 16. Nh4 Bf8 17. Nf5 Qa5 18. Qf3 Qb4 19. Rb1 Re6 20. Ne2 Qa5 21. Nc3
Qb4 22. h4 h5 23. Ne2 Ng4 24. c3 Qa4 25. Ne3 Nxe3 26. Bxe3 g6 27. Ng3 Nf6 28.
b4 Ng4 29. Bg5 Qa3 30. Bc2 Qa2 31. Qd1 Rd6 32. Qc1 Qa7 33. Qe1 f6 34. Bb3+ Kg7
35. Ra1 Qb6 36. Bd2 Bc8 37. Nf1 Be6 38. Bd1 Qd8 39. f3 Nh6 40. Be3 Nf7 41. Bc2
Rd7 42. Qg3 Nd6 43. f4 Nc4 44. f5 Bf7 45. Bb3 Kh7 46. fxg6+ Bxg6 47. Bxc4 bxc4
48. Qf3 Bg7 49. Ng3 Qe8 50. Nf5 Qf7 51. Ra8 Rd3 52. Qf2 Rd7 53. Bc5 Qe6 54.
Nxg7 Kxg7 55. Qe3 Qg4 56. g3 Qd1+ 57. Kh2 Rd2+ 0-1

[Event "4NCL Division Three East"]
[Site "Daventry, ENG"]
[Date "2022.11.05"]
[Round "1.22"]
[White "Pickard, Charles"]
[Black "Lee, Richard W Y"]
[Result "1/2-1/2"]
[WhiteElo "2175"]
[BlackElo "2107"]
[PlyCount "61"]
[EventDate "2022.11.05"]
[WhiteTeam "Poisoned Pawns"]
[BlackTeam "Cambridge University 2"]

1. Nf3 d5 2. c4 e6 3. g3 Nf6 4. Bg2 Be7 5. O-O O-O 6. b3 c6 7. Bb2 Nbd7 8. d3
b5 9. Nbd2 a5 10. Nd4 Qb6 11. Rc1 bxc4 12. dxc4 Bb7 13. e4 Nc5 14. cxd5 cxd5
15. exd5 Bxd5 16. Nc4 Qb7 17. Bxd5 Nxd5 18. a4 Rfd8 19. Ne5 Nb4 20. Qh5 Bf8 21.
Rc4 Rd5 22. Qe2 Rad8 23. Bc3 f6 24. Bxb4 Rxe5 25. Qf3 axb4 26. Qxb7 Nxb7 27.
Nc6 Rdd5 28. Nxe5 Rxe5 29. Rc7 Nd6 30. Rfc1 Re2 31. Ra1 1/2-1/2

[Event "4NCL Division Three East"]
[Site "Daventry, ENG"]
[Date "2022.11.05"]
[Round "1.23"]
[White "Borrowdale, Graham E"]
[Black "Rosen, Daniel B"]
[Result "1-0"]
[WhiteElo "1960"]
[BlackElo "2059"]
[PlyCount "83"]
[EventDate "2022.11.05"]
[WhiteTeam "Cambridge University 2"]
[BlackTeam "Poisoned Pawns"]

1. d4 f5 2. g3 Nf6 3. Bg2 e6 4. Nf3 d5 5. c4 c6 6. O-O Bd6 7. b3 Qe7 8. Bb2 O-O
9. Nbd2 Bd7 10. Ne5 Be8 11. Rc1 Nbd7 12. Ndf3 Bh5 13. Qd3 Bxf3 14. exf3 Rfe8
15. Rfe1 Nf8 16. Re2 N6d7 17. Rce1 Nxe5 18. dxe5 Bc5 19. cxd5 cxd5 20. Rc1 Bb6
21. Rec2 Qd7 22. a4 Rec8 23. f4 a6 24. b4 Kf7 25. a5 Bd8 26. Bd4 Ng6 27. Bf3
Ne7 28. Bc5 g6 29. Kg2 Nc6 30. h3 Be7 31. Bxe7 Nxe7 32. Be2 Rxc2 33. Rxc2 Rc8
34. Rb2 Qc7 35. b5 Qxa5 36. bxa6 bxa6 37. Qxa6 Qxa6 38. Bxa6 Rc6 39. Bb5 Rc7
40. Be2 Nc6 41. Rc2 Rc8 42. Ba6 1-0

[Event "4NCL Division Three East"]
[Site "Daventry, ENG"]
[Date "2022.11.05"]
[Round "1.24"]
[White "Hutchinson, Norman A"]
[Black "Webster, Peter A N"]
[Result "0-1"]
[WhiteElo "1997"]
[BlackElo "1927"]
[PlyCount "66"]
[EventDate "2022.11.05"]
[WhiteTeam "Poisoned Pawns"]
[BlackTeam "Cambridge University 2"]

1. e4 e6 2. d4 d5 3. Nd2 Nf6 4. e5 Nfd7 5. Ngf3 c5 6. c3 Nc6 7. Bd3 Be7 8. O-O
g5 9. dxc5 g4 10. Nd4 Ndxe5 11. Bb5 Bxc5 12. f4 gxf3 13. N2xf3 Nxf3+ 14. Qxf3
Qe7 15. Kh1 Bd7 16. Bxc6 bxc6 17. Bf4 f6 18. Nb3 Bb6 19. Bh6 O-O-O 20. Qxf6
Qxf6 21. Rxf6 e5 22. Raf1 c5 23. Bf8 Bb5 24. R1f2 c4 25. Nc5 Rhxf8 26. Rxf8
Bxc5 27. Rxd8+ Kxd8 28. Rf5 Bd6 29. Rf7 d4 30. Kg1 d3 31. Kf1 e4 32. Rxa7 e3
33. g3 Bd7 0-1

[Event "4NCL Division Three East"]
[Site "Daventry, ENG"]
[Date "2022.11.05"]
[Round "1.25"]
[White "Lim, Mark"]
[Black "Kemp, Paul R"]
[Result "1/2-1/2"]
[WhiteElo "1771"]
[BlackElo "1990"]
[PlyCount "65"]
[EventDate "2022.11.05"]
[WhiteTeam "Cambridge University 2"]
[BlackTeam "Poisoned Pawns"]

1. d4 d5 2. Nf3 Nf6 3. c4 c6 4. cxd5 cxd5 5. Nc3 Nc6 6. Bf4 Bf5 7. e3 e6 8. Qb3
Bb4 9. Ne5 O-O 10. Nxc6 Bxc3+ 11. Qxc3 bxc6 12. Qa3 Qb6 13. Be2 Rfc8 14. O-O c5
15. dxc5 Rxc5 16. b4 Rc2 17. Bd3 Bxd3 18. Qxd3 Rac8 19. a3 Ne4 20. Be5 Rd2 21.
Qb3 f6 22. Bd4 Rxd4 23. exd4 Nd2 24. Qe3 Nxf1 25. Kxf1 Rc4 26. Re1 Kf7 27. Qh3
Rxd4 28. Qxh7 Qa6+ 29. Kg1 Qxa3 30. Qh5+ Kf8 31. Qh8+ Kf7 32. Qh5+ Kf8 33. Qh8+
1/2-1/2

[Event "4NCL Division Three East"]
[Site "Daventry, ENG"]
[Date "2022.11.05"]
[Round "1.26"]
[White "Judkins, Brian D"]
[Black "Phillips, William"]
[Result "1/2-1/2"]
[WhiteElo "1768"]
[BlackElo "1789"]
[PlyCount "53"]
[EventDate "2022.11.05"]
[WhiteTeam "Poisoned Pawns"]
[BlackTeam "Cambridge University 2"]

1. e4 e5 2. Nf3 Nc6 3. Bc4 Bc5 4. c3 Nf6 5. d3 d6 6. O-O O-O 7. Nbd2 a6 8. Bb3
Ba7 9. h3 b5 10. Re1 Na5 11. Bc2 c5 12. Nf1 Nc6 13. Ng3 h6 14. Be3 d5 15. a3 d4
16. cxd4 cxd4 17. Bd2 Bb8 18. Rc1 Ne7 19. Bb3 Bd6 20. Qe2 Be6 21. Bxe6 fxe6 22.
Rc2 Qd7 23. Rec1 Rac8 24. Qd1 Rxc2 25. Rxc2 Rc8 26. Rxc8+ Qxc8 27. Qc1 1/2-1/2

[Event "4NCL Division Three East"]
[Site "Daventry, ENG"]
[Date "2022.11.05"]
[Round "1.31"]
[White "Miller, Dominic"]
[Black "Brown, Thomas"]
[Result "1/2-1/2"]
[WhiteElo "2123"]
[BlackElo "2115"]
[PlyCount "73"]
[EventDate "2022.11.05"]
[WhiteTeam "Sussex Martlets 2"]
[BlackTeam "Rhyfelwyr Essyllwg"]

1. e4 c5 2. Nf3 g6 3. d4 cxd4 4. Nxd4 Nf6 5. Nc3 d6 6. Be3 Bg7 7. f3 O-O 8. Qd2
Nc6 9. Bc4 Nxd4 10. Bxd4 Be6 11. Bxe6 fxe6 12. e5 dxe5 13. Bxe5 Qa5 14. Qe2 Nd5
15. Bxg7 Kxg7 16. Qe5+ Kh6 17. O-O-O Rf5 18. Qxe6 Nxc3 19. Qe3+ g5 20. Qxc3
Qxa2 21. b3 Rc8 22. Qb2 Qxb2+ 23. Kxb2 Rfc5 24. Rd2 Kg6 25. Re1 Kf6 26. Rde2 e5
27. Rd1 Ke6 28. h4 h6 29. hxg5 hxg5 30. Rh1 Kf5 31. c4 b5 32. cxb5 Rxb5 33. Rh6
Rcb8 34. Re3 Rd8 35. Rc3 Rd2+ 36. Rc2 Rd3 37. Rc3 1/2-1/2

[Event "4NCL Division Three East"]
[Site "Daventry, ENG"]
[Date "2022.11.05"]
[Round "1.32"]
[White "Young, Alan"]
[Black "Rogacewicz, Mikolaj"]
[Result "0-1"]
[WhiteElo "2095"]
[BlackElo "1986"]
[PlyCount "134"]
[EventDate "2022.11.05"]
[WhiteTeam "Rhyfelwyr Essyllwg"]
[BlackTeam "Sussex Martlets 2"]

1. e4 e6 2. d4 d5 3. Nc3 Bb4 4. e5 c5 5. a3 Bxc3+ 6. bxc3 Ne7 7. Qg4 cxd4 8.
Qxg7 Rg8 9. Qxh7 Qc7 10. Ne2 Nbc6 11. f4 dxc3 12. Qd3 d4 13. Nxd4 Nxd4 14. Qxd4
Nf5 15. Bb5+ Bd7 16. Qxd7+ Qxd7 17. Bxd7+ Kxd7 18. Kf2 Ne7 19. Be3 Nd5 20. g3
b6 21. Rab1 Rac8 22. Rhd1 Rc6 23. Kf3 Kc7 24. Rd3 a6 25. h4 b5 26. Rb3 Kd7 27.
Bd4 Rb8 28. Bxc3 Rbc8 29. Bd2 Rxc2 30. h5 Kc6 31. g4 Kc5 32. Bb4+ Kc4 33. h6
Nxb4 34. axb4 a5 35. Ke4 axb4 36. Rb1 Re2+ 37. Re3 Rxe3+ 38. Kxe3 Rh8 39. Rc1+
Kb3 40. g5 Ka2 41. Rc5 Rb8 42. h7 Rh8 43. Rxb5 b3 44. Ra5+ Kb1 45. Ra7 Rxh7 46.
Kd4 Kc2 47. Rc7+ Kd2 48. Rb7 Kc2 49. g6 Rh4 50. Rc7+ Kd2 51. Rxf7 b2 52. Rb7
Rxf4+ 53. Kc5 Kc2 54. Kd6 Rg4 55. Kxe6 Rxg6+ 56. Kf7 Rh6 57. Kg7 Re6 58. Rc7+
Kd3 59. Rd7+ Ke4 60. Rb7 Re7+ 61. Rxe7 b1=Q 62. e6 Ke5 63. Re8 Qf5 64. e7 Qg5+
65. Kf7 Qf6+ 66. Kg8 Qg6+ 67. Kf8 Ke6 0-1

[Event "4NCL Division Three East"]
[Site "Daventry, ENG"]
[Date "2022.11.05"]
[Round "1.33"]
[White "Higgs, Anthony R J"]
[Black "Hewitt, William"]
[Result "1/2-1/2"]
[WhiteElo "1950"]
[BlackElo "1978"]
[PlyCount "56"]
[EventDate "2022.11.05"]
[WhiteTeam "Sussex Martlets 2"]
[BlackTeam "Rhyfelwyr Essyllwg"]

1. d4 Nf6 2. Bg5 c5 3. d5 Qb6 4. Nc3 Qxb2 5. Bd2 Qb6 6. e4 d6 7. f4 e6 8. Rb1
Qd8 9. Nf3 exd5 10. exd5 Be7 11. Bd3 O-O 12. O-O Re8 13. Qe1 Nbd7 14. Ng5 Nf8
15. Qg3 a6 16. Nce4 Nxe4 17. Nxe4 f5 18. Ng5 b5 19. c4 b4 20. Rbe1 h6 21. Ne6
Nxe6 22. dxe6 Bh4 23. e7 Bxe7 24. Bxf5 Bf6 25. Be4 Ra7 26. Bd5+ Kh8 27. Qh3
Rae7 28. Rxe7 Qxe7 1/2-1/2

[Event "4NCL Division Three East"]
[Site "Daventry, ENG"]
[Date "2022.11.05"]
[Round "1.34"]
[White "Ralphs, Nigel"]
[Black "Hedger, Alec"]
[Result "1-0"]
[WhiteElo "1962"]
[BlackElo "1932"]
[PlyCount "53"]
[EventDate "2022.11.05"]
[WhiteTeam "Rhyfelwyr Essyllwg"]
[BlackTeam "Sussex Martlets 2"]

1. e4 c5 2. Nf3 e6 3. d4 cxd4 4. Nxd4 Nf6 5. Nc3 Bb4 6. e5 Nd5 7. Qg4 O-O 8.
Bh6 g6 9. Qg3 Qa5 10. Bd2 Nc6 11. Nxc6 dxc6 12. h4 Ne7 13. Bd3 b6 14. h5 Nf5
15. Bxf5 exf5 16. O-O-O Bxc3 17. Bxc3 Qxa2 18. b3 Qa3+ 19. Bb2 Qe7 20. hxg6
fxg6 21. e6 Rf6 22. Qe5 Kg7 23. Qxf6+ Qxf6 24. Bxf6+ Kxf6 25. Rd8 Bb7 26. e7
Kxe7 27. Rxa8 1-0

[Event "4NCL Division Three East"]
[Site "Daventry, ENG"]
[Date "2022.11.05"]
[Round "1.35"]
[White "Graham, William M"]
[Black "Trevelyan, John"]
[Result "1-0"]
[WhiteElo "1997"]
[BlackElo "1888"]
[PlyCount "69"]
[EventDate "2022.11.05"]
[WhiteTeam "Sussex Martlets 2"]
[BlackTeam "Rhyfelwyr Essyllwg"]

1. c4 e5 2. g3 f5 3. Bg2 Nf6 4. Nc3 c6 5. d4 d6 6. dxe5 dxe5 7. Qxd8+ Kxd8 8.
Nf3 Nbd7 9. Bd2 Bc5 10. O-O Kc7 11. a3 Re8 12. b4 Bf8 13. c5 b6 14. cxb6+ axb6
15. e4 fxe4 16. Ng5 h6 17. Ngxe4 Nxe4 18. Nxe4 Nf6 19. f4 Ba6 20. Rfc1 Bb5 21.
Nc3 Bd3 22. fxe5 Nd7 23. Nd5+ Kb7 24. Nxb6 Kxb6 25. Rxc6+ Kb5 26. Rc3 Nxe5 27.
Bxa8 Rxa8 28. Bf4 Bxb4 29. Rb3 Nc6 30. Rxd3 Kc4 31. Rf3 Nd4 32. Rff1 Bxa3 33.
Bd6 Nc2 34. Bxa3 Nxa1 35. Rxa1 1-0

[Event "4NCL Division Three East"]
[Site "Daventry, ENG"]
[Date "2022.11.05"]
[Round "1.36"]
[White "Hatchett, Paul"]
[Black "Michaud, Gerald"]
[Result "1-0"]
[WhiteElo "1971"]
[BlackElo "1882"]
[PlyCount "27"]
[EventDate "2022.11.05"]
[WhiteTeam "Rhyfelwyr Essyllwg"]
[BlackTeam "Sussex Martlets 2"]

1. d4 e6 2. Nc3 Nf6 3. e4 d5 4. Bg5 Be7 5. e5 Nfd7 6. h4 c5 7. Nb5 Bxg5 8. Nd6+
Kf8 9. hxg5 Nc6 10. g6 Nxd4 11. Nxf7 Qa5+ 12. c3 hxg6 13. Nxh8 Nxe5 14. f4 1-0

[Event "4NCL Division Three East"]
[Site "Daventry, ENG"]
[Date "2022.11.05"]
[Round "1.41"]
[White "Cox, Toby"]
[Black "Hughes, Roy"]
[Result "1/2-1/2"]
[WhiteElo "2085"]
[BlackElo "2086"]
[PlyCount "41"]
[EventDate "2022.11.05"]
[WhiteTeam "MK Phoenix 1"]
[BlackTeam "Iceni 1"]

1. e4 d5 2. exd5 Qxd5 3. Nc3 Qd6 4. d4 Nf6 5. g3 c6 6. Nge2 Bg4 7. Bg2 e6 8.
O-O Nbd7 9. Bf4 Qb4 10. Qd2 Bxe2 11. Nxe2 Qxd2 12. Bxd2 Bd6 13. a4 a5 14. c3
O-O 15. b4 axb4 16. cxb4 Nd5 17. Rfb1 N7b6 18. a5 Nc4 19. Be1 Bc7 20. Nc1 Nd6
21. Nb3 1/2-1/2

[Event "4NCL Division Three East"]
[Site "Daventry, ENG"]
[Date "2022.11.05"]
[Round "1.42"]
[White "Sagues, Vincent"]
[Black "Freeman, Richard C P"]
[Result "1/2-1/2"]
[WhiteElo "2056"]
[BlackElo "2029"]
[PlyCount "36"]
[EventDate "2022.11.05"]
[WhiteTeam "Iceni 1"]
[BlackTeam "MK Phoenix 1"]

1. e4 c5 2. Nf3 g6 3. d4 cxd4 4. Nxd4 Bg7 5. c4 Nc6 6. Nc2 Nf6 7. Nc3 d6 8. Be2
O-O 9. O-O Nd7 10. Bd2 Nc5 11. f3 Ne6 12. Kh1 Ned4 13. Nxd4 Nxd4 14. Bd3 Bd7
15. Rb1 a6 16. Ne2 b5 17. Nxd4 Bxd4 18. cxb5 Bxb5 1/2-1/2